000
00275nam a2200121Ia 4500
008
190216s9999||||xx |||||||||||||| ||und||
100
_a
Kurup K K N
245
2
_a
A C Kannan Nair Orupadanam
260
_b
Bhasha Institute
300
_a
232
650
_a
Padanam
942
_c
BK
999
_c
40528
_d
40528